| 000 | 01615cam a22005657a 4500 | ||
|---|---|---|---|
| 001 | 10570793 | ||
| 003 | LIBRIS | ||
| 005 | 20241110190206.0 | ||
| 006 | m | | | ||
| 007 | cr ||| ||||| | ||
| 008 | 071015s2005 enka||||s|||||000 0|eng|c | ||
| 020 | _a0335218504 (pbk.) | ||
| 035 | _a(CaPaEBR)ebr10175199 | ||
| 035 | _a(ALMA)991001024121303631 | ||
| 035 | _a(WaSeSS)ssj0000200428 | ||
| 035 | _a(ALMA)9938543502336 | ||
| 035 | _a(WaSeSS)ssj0000200428 | ||
| 035 | _a(ALMA)993444374803662 | ||
| 035 | _a(EBZ)ebs460362e | ||
| 035 | _a(EBZ)ebs460362e | ||
| 035 | _a(ALMA)9919279197705121 | ||
| 035 | _a(EBZ)ebs460362e | ||
| 035 | _a(EBZ)ebs460362e | ||
| 035 | _a(EBZ)ebs460362e | ||
| 035 | _a(ALMA)996952449903661 | ||
| 035 | _a(EBZ)ebs460362e | ||
| 035 | _a(ALMA)991000940127603211 | ||
| 035 | _a(ALMA)999330203603663 | ||
| 035 | _a(EBZ)ebs460362e | ||
| 035 | _a(ALMA)9921375091504996 | ||
| 035 | _a(WaSeSS)ssj0000200428 | ||
| 035 | _a(EBZ)ebs460362e | ||
| 040 |
_aCaPaEBR _cCaPaEBR _ea |
||
| 041 | _aeng | ||
| 050 | 4 | _aGN296 | |
| 080 |
_a572 _bP-83 |
||
| 082 | 0 | 4 |
_a306.461 _222 |
| 084 |
_aV:oa/DR _2kssb/7 |
||
| 084 |
_aV:oa _2kssb/7 |
||
| 100 | 1 | _aPool, Robert. | |
| 245 | 1 | 0 |
_aMedical anthropology _cRobert Pool and Wenzel Geissler. |
| 260 |
_aMaidenhead : _bOpen University Press, _c2005 |
||
| 300 |
_aviii, 172 p. _bill. |
||
| 365 | _b57.10 usd | ||
| 650 | 0 | _aMedical anthropology. | |
| 650 | 0 | _aAnthropology. | |
| 653 | _aსამედიცინო ანთროპოლოგია | ||
| 700 | 1 | _aGeissler, Wenzel. | |
| 942 |
_2udc _cBK |
||
| 999 |
_c249 _d249 |
||